000 01242nam a22002177a 4500
999 _c58029
_d58029
003 Ge_BSU
005 20210518130609.0
008 210518s2018 ge ||||| |||| 00| 0 geo d
020 _a9789941262531
041 _ageo
080 _a621.3.011.7(072) ჯ - 21
100 _aჯანელიძე, ოთარ.
_91743
245 _aმეთოდური მითითებები ლაბორატორიული სამუშაოების ჩასატარებლად ელექტრული წრედების თეორია I-ში /
_cოთარ ჯანელიძე ; რედაქტორი ნუგზარ ჭედია ; ბათუმის შოთა რუსთაველის სახელმწ. უნ-ტი.
264 _aთბილისი :
_bუნივერსალი,
_c2018.
300 _a82 გვ. :
_bნახ., ცხრ. ;
_c20 სმ.
504 _aბიბლიოგრ.: გვ. 79.
653 _aელექტრული წრედები
653 _aმეთოდური მითითებები.
700 _aჭედია, ნუგზარ
_e რედაქტორი
_96249
942 _2udc
_cBK